000 00212nam a22000857a 4500
008 161208b xxu||||| |||| 00| 0 eng d
100 _91948
_aMehta.N.
245 _aSouth Indian Recipes
260 _aNew Delhi
_bSnas
_c2011
999 _c4741
_d4741